| 000 | 00600nam a2200229 a 4500 | ||
|---|---|---|---|
| 001 | BRL_1157 | ||
| 005 | 20190320211048.0 | ||
| 008 | 201113s1927----gw-#######---#000-0#ger-# | ||
| 041 | _ager | ||
| 044 | _agw | ||
| 050 | 4 |
_aML390 _b.R65 1925 |
|
| 100 | 1 |
_aRolland, Romain _915509 |
|
| 245 | 1 | 0 | _aMusiker von Heute |
| 260 |
_aMünchen _bGeorg Müller _c1927 |
||
| 300 |
_a396 p. _c25 cm. |
||
| 500 | _aAu1375 | ||
| 650 | 1 | 4 |
_aMúsicos _925963 |
| 650 | 1 | 4 |
_aMúsica _xHistoria y crítica _zFrancia _925964 |
| 650 | 1 | 4 |
_aMúsicos _xHistoria y crítica _zAlemania _925965 |
| 902 | _aGRL | ||
| 942 |
_2lcc _cB |
||
| 999 |
_c9969 _d9969 |
||